01437cam a22002771a 4500999001500000001000700015003000600022005001700028008004100045010001300086020001500099020001800114040006900132050001700201082001700218100003900235245005400274260004300328300002100371504005300392505042900445600001800874776013200892942001201024952012301036 c6887d6887449788OCoLC20190121150604.0710318s1968 miu b 001 0beng  a68030985 a0802833330 a9780802833334 aDLCbengcDLCdOCLdOCLCGdWY@dXBEdYDXCPdGZUdOCLCQdOG#dBDX0 aBT301.2b.H3 a232.9bH318S1 aHarrison, Everett Falconer,d1902-12aA short life of Christ /cby Everett F. Harrison. aGrand Rapids :bW.B. Eerdmans,c[1968] a288 p. ;c23 cm. aIncludes bibliographical references and indexes.0 aThe historicity of Jesus -- The birth -- The infancy and boyhood -- The baptism -- The temptation -- Jesus as teacher -- The miracles -- Conflict with the pharisees -- The call and training of the twelve -- The transfiguration -- The triumphal entry and the cleansing of the temple -- The upper room -- Gethsemane -- The arrest and trial -- The crucifixion -- The resurrection -- The ascension -- "What sort of man is this?"00aJesus Christ.08iOnline version:aHarrison, Everett Falconer, 1902-tShort life of Christ.dGrand Rapids, W.B. Eerdmans [1968]w(OCoLC)647546752 2ddccBK 00102ddc40708NFICaHMCbHMCcGENd2019-01-21g1250.00l0o232.9 H318Sp007745r2019-01-21 00:00:00w2019-01-21yBK